000 00905nas a2200289 4500
001 BR2014007836
003 BR-BrBNA
005 20231205124813.0
007 ta
008 230509b bl.|||p| |||| 00| 00por d
040 _aBR-BrBNA
_bpor
_cBiblioteca Nacional de Agricultura
041 _a(En)
072 _aF06
100 1 _aAlencar, C.A.B. de
100 1 _aCunha, F.F. da
100 1 _aOliveira, R.A. de
100 1 _aCóser, A.C.
100 1 _aMartins, C.E.
245 1 _aEffect of irrigation and annual seasons on the chemical composition and digestibility of grasses under grazing
650 _aMATÉRIA SECA
650 _aCAPIM ESTRELA
650 _aPROTEÍNA BRUTA
650 _aIRRIGAÇÃO
773 0 _tEngenharia na Agricultura (Brazil)
_xISSN 1414-3984
_g(Jul-Aug 2014), v. 22(4) p. 331-340
_wBR2014007836
909 _a202311
_bLúcia
_c55
_dLúcia Elande
942 _2AGRIS
_n0
_cANA
999 _c240985
_d240985